Auteurs dont les livres ont été adaptés en films #2 - Statistiques

Statistiques générales
  • Ce quiz a été pris 166 fois
  • Le résultat moyen est 5 sur 20
Statistiques - réponses
Livres Auteurs % Correct
Le Petit Prince Antoine de Saint-Exupéry
92%
Germinal Emile Zola
92%
Shining Stephen King
71%
Le Portrait de Dorian Gray Oscar Wilde
47%
Les Liaisons dangereuses Pierre Choderlos de Laclos
41%
L'Île au trésor Robert Louis Stevenson
35%
Percy Jackson Rick Riordan
22%
Le Fantôme de l'Opéra Gaston Leroux
15%
Entretien avec un vampire Anne Rice
10%
Le Labyrinthe James Dashner
8%
Le Parrain Mario Puzo
8%
Orange Mécanique Anthony Burgess
7%
Eragon Christopher Paolini
7%
Le journal de Bridget Jones Helen Fielding
3%
Mary Poppins Pamela L. Travers
3%
Sleepy Hollow Washington Irving
3%
Vol au-dessus d'un nid de coucou Ken Kesey
2%
L'Exorciste William Peter Blatty
2%
Battle Royale Kōshun Takami
1%
L'école du bien et du mal Soman Chainani
1%
Aucun quiz correspondant
Distribution des résultats
% des personnes avec chaque résultat
Percentile par nombre de réponses
Votre historique - résultats
Vous n’avez pas pris ce quiz